| 000 | 00805nam a22001577a 4500 | ||
|---|---|---|---|
| 999 |
_c59583 _d59583 |
||
| 005 | 20230320143912.0 | ||
| 008 | 230320c2022 ge ||||| |||| 00| 0 geo d | ||
| 022 | _a15120481 | ||
| 041 | _ageo | ||
| 245 |
_aსაქართველოს უზენაესი სასამართლოს გადაწყვეტილებანი / _bადმინისტრაციულ საქმეებზე : [ყოველთვიური]. ადმინისტრაციული აქტი. |
||
| 260 |
_aთბილისი, _c2022. |
||
| 300 | _av. | ||
| 653 | _a საქართველოს უზენაესი სასამართლოს გადაწყვეტილებანი | ||
| 653 | _aპერიოდიკა | ||
| 942 |
_2udc _cCR |
||